00809nam a2200241Ia 450000500170000000800410001702000150005804000190007304100120009208200200010410000210012424500890014526000260023430000090026050400500026963000310031965000560035065100230040685000100042994200070043999900170044695201040046320210924114759.0131103s9999 xx 000 0 und d a8171002501 aLoreto College aEnglish a320.01(I) bGRO aGrover, Verinder aPolitical thinkers of modern Indiab Jayaprakash Narayan cedited by Verinder Grover aNew DelhibDeepc1990 av.8  aIncludes bibliographical references and index aIndia - Political Thought  aNarayan, Jayaprakash - Criticism and Interpretation aPolitical Thought  aLCLIB cBK c17231d67710 00102ddc4070aMAINbMAINd2013-11-04l0o320.01(I) GRO 36618pB17522r2013-11-04w2013-11-04yBK